000
00324nam a22001217a 4500
008
180424b xxu||||| |||| 00| 0 eng d
041
_a
eng
080
_a
043.3
100
_a
0
101
_a
SHKI-BTH
245
_a
Zhvillimi i Ueb aplikacionit për menaxhimi e qendrave të karrierës: UBT CAMPUS
_c
Dakaj,B
942
_2
udc
_c
BK
999
_c
45467
_d
45467